000 00441 a2200205 4500
250 _a2ème éd.
245 _aEléments de biologie humaine, embryologie et histologie
100 _aCzyba, J. C.
260 _c1968
300 _a249 p.
035 _a3252
035 _a3604
035 _a3605
035 _a3606
035 _a3607
035 _a3608
999 _c16861
_d16861